|
|
|
|
| LEADER |
00657cam a2200205ua 4500 |
| 008 |
111011t2010||||||||||| 00 ||eng c |
| 041 |
0 |
|
|a eng
|
| 082 |
|
|
|a 305
|b EXC
|
| 245 |
0 |
0 |
|a Exclusion and discrimination: concepts, perspectives and challenges /
|
| 260 |
|
|
|a New Delhi:
|b Kanishka,
|c 2010.
|
| 300 |
|
|
|a 422p..
|
| 362 |
1 |
|
|a 2010.
|
| 650 |
|
|
|a Sociology and anthropology
|
| 650 |
0 |
|
|a Social groups
|
| 650 |
0 |
|
|a Social exclusion-India
|
| 650 |
0 |
|
|a Caste oppression
|
| 700 |
0 |
2 |
|a Sudhakara Karakoti
|
| 942 |
|
|
|c BK
|
| 999 |
|
|
|c 30982
|d 30982
|
| 952 |
|
|
|0 0
|1 0
|4 0
|6 305_000000000000000_EX
|7 0
|9 32836
|a KUCL
|b KUCL
|d 2014-05-23
|l 0
|o 305 EX
|p 27356
|r 2014-05-23
|w 2014-05-23
|y BK
|